000 00335nam a22001457a 4500
008 230524b ||||| |||| 00| 0 eng d
020 _a9782266148719
041 _aFRA
080 _a82
082 _a82HAD
100 _a38
101 _aGJL
245 _aLE BIZARRE INCIDENT DU CHIEN PENDANT LA NUIT
_cHADDON . M
942 _2udc
_cBK
999 _c59833
_d59833